[Event "Titled Tue 9th May Early"]
[Site "chess.com INT"]
[Date "2023.05.09"]
[Round "7"]
[White "Mekhitarian, K."]
[Black "Antal, Ge"]
[Result "1-0"]
[WhiteElo "2537"]
[BlackElo "2558"]
[PlyCount "119"]
[EventDate "2023.05.09"]

1. Nf3 d6 2. d4 f5 3. g3 Nf6 4. Bg2 g6 5. b3 Bg7 6. Bb2 O-O 7. O-O a5 8. a4 c6 9. Nbd2 Na6 10. Re1 ({RR} 10. Nc4 Qc7 11. Ne1 Bd7 12. Nd3 Be6 13. Nd2 Bf7 14. e4 fxe4 15. Nxe4 Nxe4 16. Bxe4 Qb6 17. Nf4 e5 18. dxe5 dxe5 19. Nd3 Rfe8 20. Re1 Nb4 21. Nxb4 axb4 22. Qf3 Rad8 23. Re2 Qa5 24. Rae1 Re7 {Schoorl,R (2329)-Nieuwelink,K (2113) Netherlands NED 2024 1-0 (41)}) 10... Ne4 11. e3 ({RR} 11. Nxe4 fxe4 12. Nd2 d5 13. f3 Qb6 14. e3 exf3 15. Bxf3 Nb4 16. Nf1 Rxf3 17. Qxf3 Nxc2 18. Ba3 Nxa1 19. Rxa1 Qxb3 20. Bxe7 Bf5 21. Qf4 Re8 22. Bd6 Qc2 23. Qf2 Qc3 24. Rd1 b5 25. axb5 cxb5 {Narayanan,S (2657)-Nepomniachtchi,I (2779) chess.com INT 2023 0-1 (71)}) 11... Bd7 12. c3 $146 ({RR} 12. Nc4 Nb4 13. Nfd2 b5 14. Na3 d5 15. Nf3 bxa4 16. bxa4 Rb8 17. Rb1 Na2 18. Ne5 Bxe5 19. Bxe4 fxe4 20. dxe5 e6 21. c3 Qe7 22. Qc2 Qc5 23. Ra1 Rxb2 24. Qxb2 Nxc3 25. Rec1 Nxa4 26. Qb7 Bc8 {Kleinegger,F (2131)-Mueller,A (2077) Germany 2016 1-0 (34)}) 12... Qb6 13. Qc2 Nxd2 14. Nxd2 d5 15. Ba3 Rfe8 16. Nf3 Rac8 17. Ne5 Bxe5 18. dxe5 Nc5 19. Rab1 Ne4 20. b4 axb4 21. cxb4 Qc7 22. Bb2 Ng5 23. Bc3 Ne6 24. h3 Ra8 25. Ra1 Ra7 26. Qb3 Rea8 27. Rec1 Qd8 28. Bb2 Be8 29. Rd1 Bf7 30. Qc2 Qb6 31. Bc3 Ra6 32. Bf1 R6a7 33. Bg2 Ra6 34. Kh2 Qa7 35. a5 Qb8 36. Kg1 R6a7 37. Qe2 b6 38. g4 fxg4 39. hxg4 bxa5 40. bxa5 Rb7 41. f4 Rb3 42. Qc2 Nc5 43. Bd4 Ne4 44. Rab1 Rxb1 45. Rxb1 Qc8 46. Bf3 Be6 47. g5 Bf5 48. Qa4 Nxg5 49. Rf1 Nxf3+ 50. Rxf3 Be4 51. Rg3 Rb8 52. Kh2 Rb1 53. Rg1 Rxg1 54. Kxg1 Qg4+ 55. Kf2 Qf3+ 56. Ke1 Bd3 57. Kd2 Qe2+ 58. Kc3 Qc2+ 59. Qxc2 Bxc2 60. Kxc2 1-0

[Event "Titled Tue 9th May Early"]
[Site "chess.com INT"]
[Date "2023.05.09"]
[Round "10"]
[White "Lenderman, A."]
[Black "Peng, Li Min"]
[Result "1-0"]
[WhiteElo "2572"]
[BlackElo "2553"]
[PlyCount "53"]
[EventDate "2023.05.09"]

1. Nf3 d5 2. b3 c5 3. e3 Nc6 4. Bb2 f6 5. d4 e6 6. c4 cxd4 7. Nxd4 Bb4+ 8. Bc3 Qa5 9. Qd2 Nxd4 10. exd4 Bxc3 11. Qxc3 $146 ({RR} 11. Nxc3 Ne7 12. Bd3 O-O 13. O-O e5 14. dxe5 d4 15. Ne4 Qxd2 16. Nxd2 fxe5 17. Rae1 Nc6 18. Be4 Re8 19. Nf3 Bg4 20. Bxc6 bxc6 21. Nxe5 Bh5 22. g4 Bg6 23. Nxc6 Bd3 24. Rxe8+ Rxe8 25. Rd1 Be2 {Jaferian,K (2163)-Rengifo Blancas,R (2131) Tornelo INT 2021 1-0 (54)}) 11... Qxc3+ 12. Nxc3 dxc4 13. Bxc4 a6 14. a4 Ne7 15. O-O Bd7 16. Rfe1 Kf7 17. Ne4 Nf5 18. Nc5 Bc8 19. Nxe6 Kg6 20. Bd3 h5 21. Rac1 Bxe6 22. Rxe6 Rhe8 23. Rxe8 Rxe8 24. h4 b6 25. a5 Rd8 26. axb6 Rxd4 27. b7 1-0

[Event "Titled Tue 9th May Late"]
[Site "chess.com INT"]
[Date "2023.05.09"]
[Round "5"]
[White "Krzyzanowski, M."]
[Black "Tang, Andrew"]
[Result "1-0"]
[WhiteElo "2512"]
[BlackElo "2523"]
[PlyCount "79"]
[EventDate "2023.05.09"]

1. Nf3 d5 2. g3 Nf6 3. Bg2 e6 4. O-O Be7 5. d4 O-O 6. c4 dxc4 7. Na3 Bxa3 8. bxa3 b5 9. a4 a6 10. Ba3 Re8 11. Ne5 Nd5 12. e4 Nc3 13. Qf3 f6 14. Qxc3 fxe5 15. dxe5 Nc6 16. Rad1 Qg5 17. f4 Qh5 18. f5 $146 ({RR} 18. Bc5 Bb7 19. Rd7 Rac8 20. Bf3 Qg6 21. Rb1 Nb8 22. Rd4 Bc6 23. axb5 axb5 24. a4 bxa4 25. Qxc4 Ba8 26. Ba3 Nc6 27. Rd7 Red8 28. Rbd1 Rxd7 29. Rxd7 Qe8 30. Bg4 Nd8 31. Re7 Qc6 32. Qxc6 Bxc6 {Cordova,E (2592)-Quintiliano Pinto,R (2469) Chess.com INT 2020 1-0 (45)}) 18... Bb7 19. Rd7 Rad8 20. fxe6 Bc8 21. Rf5 Qg6 22. Rxc7 Nd4 23. Rf2 Nxe6 24. Ra7 Ng5 25. Bd6 Nxe4 26. Bxe4 Qxe4 27. Rff7 Be6 28. Rxg7+ Kh8 29. Rxh7+ Qxh7 30. Rxh7+ Kxh7 31. Qf3 Kg8 32. Qh5 Rc8 33. Qg6+ Kh8 34. Qf6+ Kh7 35. Be7 Rc6 36. Qh4+ Kg8 37. Qg5+ Kh7 38. Qh5+ Kg7 39. Qxe8 Bf7 40. Qxc6 1-0

[Event "PRO League KO 2023"]
[Site "chess.com INT"]
[Date "2023.05.13"]
[Round "2.2"]
[White "Nakamura, Hi"]
[Black "Ghosh, D."]
[Result "1-0"]
[WhiteElo "2775"]
[BlackElo "2565"]
[PlyCount "99"]
[EventDate "2023.05.11"]
[WhiteTeam "Gotham Knights"]
[BlackTeam "MGD1"]

1. Nf3 {Marin,Mihail} d5 2. e3 Nf6 3. c4 e6 4. Nc3 b6 5. d4 Bb7 6. cxd5 ({RR} 6. b3 Bb4) ({RR} 6. Bd3 dxc4 7. Bxc4) 6... exd5 7. Bb5+ ({RR} 7. Bd3 a6 8. O-O Bd6) 7... c6 8. Bd3 Be7 ({RR} 8... Nbd7 9. O-O Be7 ({RR} 9... Bd6 10. e4 dxe4 11. Nxe4 Nxe4 12. Bxe4 Nf6 ({RR} 12... O-O 13. Bg5 Be7 14. Bxe7 Qxe7 15. Re1 Qd6 16. Ne5 Nf6 17. Bf3) 13. Bg5 Be7 ({RR} 13... O-O 14. Bc2 h6 15. Bh4 g5 16. Nxg5 hxg5 17. Bxg5 c5 18. Qd3 Re8 19. Rfe1) 14. Bxf6 Bxf6 15. Qc2 Qd6 16. Rac1 Rc8 17. Rfe1 Kf8 18. Qa4) 10. b3 O-O 11. Bb2 Bd6 12. Ne2 ({RR} 12. Rc1) 12... Re8 ({RR} 12... c5) 13. Ng3 g6 14. Rc1 a5 ({RR} 14... Qe7 15. Qe2 Ba3) ({RR} 14... c5 15. Bb5 Re7 16. Re1 a6 17. Bf1 Re8 18. Ne2 Bf8 19. Nf4 Rc8 20. Rc2 Bg7 21. Qa1 Ne4 22. Rd1) ({RR} 14... Ne4 15. Bxe4 dxe4 16. Nd2 Nf6 ({RR} 16... f5 17. Nc4) 17. Nc4 Bc7) 15. Qc2 Qe7 16. Rfe1 Ba3 ({RR} 16... Ne4 17. Bxe4 dxe4 18. Nd2 Nf6 ({RR} 18... f5 19. Nc4 Bc7 20. Qc3 Qb4) 19. Nc4 Bc7) ({RR} 16... Qf8) 17. Bxa3 Qxa3 18. h4 Qd6 19. h5 Nf8 20. e4 Qf4 ({RR} 20... dxe4 21. Nxe4 Nxe4 22. Bxe4 Rac8 23. Re3) 21. e5 Ng4 ({RR} 21... Nxh5 22. Nxh5 gxh5 23. Re3 c5 24. g3 Qh6 25. Nh4) ({RR} 21... N6d7 22. Re3 c5 23. hxg6 hxg6 24. Ne2 Qh6 25. Nh2) 22. hxg6 hxg6 23. Ne2 {Fressinet,L (2708)-Ivanchuk,V (2731) Elancourt 2013 CBM 157 [Marin,Mihail] 0-1 (50)}) 9. a3 $146 ({RR} 9. O-O Nbd7 10. b3 O-O 11. Bb2 Re8 {½-½ (11) Solozhenkin,E (2508)-Nyback,T (2587) Finland 2007}) ({RR} 9. O-O) 9... O-O 10. b4 a5 11. Rb1 axb4 12. axb4 Nbd7 13. O-O Re8 14. Ne5 Bd6 15. f4 Qe7 16. b5 c5 17. Nc6 Qf8 18. Qf3 cxd4 19. exd4 Ba3 20. Bd2 Qd6 21. f5 Nf8 22. Bf4 Qd7 23. Be5 Be7 24. Rb3 h6 25. Bxf6 Bxf6 26. Nxd5 Bxd4+ 27. Kh1 Ra1 28. Rxa1 Bxa1 29. Rb1 Bd4 30. Bc4 Bf6 31. Nxf6+ gxf6 32. Rd1 Qc7 33. Qh5 Kg7 34. h4 Re4 35. Bd5 Rf4 36. g3 Ra4 37. Kg2 Bxc6 38. bxc6 Qe7 39. Re1 Qc7 40. Qd1 b5 41. Kh3 Qd6 42. Qf3 Rd4 43. Rc1 Qc7 44. Bb3 Rb4 45. Rc3 Rd4 46. Qe3 Rd8 47. Qf4 Qe7 48. Re3 Qc5 49. Qg4+ Kh7 50. Bxf7 1-0

[Event "TCh-RUS Premier 2023"]
[Site "Sochi RUS"]
[Date "2023.05.09"]
[Round "8.1"]
[White "Artemiev, V."]
[Black "Najer, E."]
[Result "1-0"]
[WhiteElo "2701"]
[BlackElo "2655"]
[PlyCount "83"]
[EventDate "2023.05.01"]
[EventType "team"]
[WhiteTeam "Ladya (Respublika Tatarstan)"]
[BlackTeam "Shakhmatnaya sbornaya Moskvy (Moskva)"]

1. Nf3 {TA} d5 2. g3 c5 ({RR} 2... Nf6 3. Bg2 {½-½ (13) Jumabayev,R (2549)-Raja,R (2538) Fagernes NOR 2025}) 3. Bg2 Nf6 4. O-O e6 5. c4 d4 6. e3 Nc6 7. exd4 cxd4 8. d3 h6 9. Na3 Bxa3 10. bxa3 O-O 11. Re1 Re8 12. Bf4 Ng4 13. Ne5 ({RR} 13. Nxd4 Nxd4 14. Bd2 ({RR} 14. Qxg4 e5) 14... e5) 13... Ngxe5 14. Bxe5 Nxe5 ({RR} 14... f6 15. Bf4 e5 16. Bd2 Bf5 17. Rb1 Qd7 ({RR} 17... Bxd3 18. Bd5+ Kh8 19. Rxb7) 18. Qf3 ({RR} 18. Bd5+ Be6 19. Be4 Rac8 20. a4 Rc7 21. a5 Bf5 22. Bd5+ Be6 23. Be4 Bf5 24. Bd5+ Be6 25. Be4) 18... Rab8 19. Qd5+ Qf7 20. Qxf7+ Kxf7 21. Rb3 Nd8 22. f4 b6 23. Bd5+ Kg6 24. fxe5 Rxe5 25. Rxe5 fxe5 26. Bb4 Rc8 27. Bd6 Nf7 28. Bxf7+ Kxf7 29. Bxe5 {Jones,G (2639)-Vidit,S (2739) London 2024 [TA] ½-½}) 15. Rxe5 Qc7 $146 ({RR} 15... Rb8 16. Qa4 a6 17. Rae1 Bd7 18. Qa5 f6 19. Qxd8 Rexd8 20. Ra5 Rdc8 21. a4 e5 22. f4 exf4 23. gxf4 Bc6 24. Bxc6 bxc6 25. Rxa6 Ra8 26. Rxa8 Rxa8 27. Re6 c5 28. Rc6 Rxa4 29. Rxc5 Ra3 30. Rd5 {Vassallo Barroche,M (2342)-Colbow,C (2438) Vrnjacka Banja SRB 2024 ½-½ (41)}) 16. Qh5 Bd7 17. Rae1 Bc6 18. f4 Bxg2 19. Kxg2 Qd6 20. Qf3 Qxa3 21. R1e2 a6 22. f5 Rad8 23. f6 b5 24. c5 Qc1 25. Re1 Qd2+ 26. R1e2 Qc1 27. fxg7 Kxg7 28. Rf2 Rd7 29. Rf1 Qd2+ 30. Rf2 Qc1 31. Qe2 Rc8 32. Rf1 Qa3 33. Qg4+ Kh7 34. Qe4+ Kg7 35. Qg4+ Kh7 36. c6 Rdc7 37. Rf6 Qxa2+ 38. Kh3 Qd2 39. Rh5 Rh8 40. Qe4+ Kg8 41. Qxd4 Qd1 42. Rh4 1-0

[Event "Rapid Chess Superleague"]
[Site "Poland POL"]
[Date "2023.05.09"]
[Round "4.1"]
[White "Wojtaszek, R."]
[Black "Pechac, Jergus"]
[Result "1-0"]
[WhiteElo "2670"]
[BlackElo "2611"]
[PlyCount "115"]
[EventDate "2023.04.04"]
[EventType "rapid"]
[WhiteTeam "Akademia Szachowa Gliwice"]
[BlackTeam "KSz Dwie Wieze Equity Advisors Krakow"]

1. Nf3 d5 2. g3 c5 3. Bg2 Nc6 4. d4 e6 5. O-O cxd4 6. Nxd4 Bc5 7. Nb3 Bb6 8. c4 Nge7 9. cxd5 exd5 10. Nc3 O-O 11. Na4 d4 12. Nac5 $146 ({RR} 12. Bg5 Re8 13. Re1 Bg4 14. Bxc6 bxc6 15. Nxb6 axb6 16. Qxd4 Qxd4 17. Nxd4 f6 18. Bc1 c5 19. Nc2 Nc6 20. Ne3 Be6 21. a3 Red8 22. f3 Nd4 23. Kf2 Bf7 24. b4 cxb4 25. Bb2 b3 26. Rec1 Bg6 {Gyorkos,L (2390)-Varga,Z (2540) Pecs 1996 ½-½ (36)}) ({RR} 12. Nxb6 axb6 13. Bf4 Be6 14. Qd2 Qd7 15. Nc1 Bh3 16. Rd1 Bxg2 17. Kxg2 Rfd8 18. e4 Ng6 19. f3 f5 20. exf5 Qxf5 21. Nd3 Rf8 22. h4 Nce7 23. Re1 Nd5 24. Re4 Rac8 25. Rc1 Ne3+ 26. Kh2 Rxc1 {Sobol,M (2160)-Fishchuk,V (2194) Lviv UKR 2025 0-1}) 12... Re8 13. Bd2 h5 14. Rc1 h4 15. Bg5 f6 16. Bd2 h3 17. Bh1 Ng6 18. Re1 Nge5 19. Bf4 Qe7 20. Bxe5 Qxe5 21. Nd3 Qd6 22. Nbc5 Rb8 23. b4 Ne5 24. Qb3+ Kf8 25. Nxe5 Rxe5 26. Nd3 Be6 27. Qc2 Bf5 28. Qd2 Re7 29. Nc5 Rbe8 30. e4 Bg6 31. Rc4 d3 32. Re3 Bxc5 33. bxc5 Qc6 34. Qxd3 Rd7 35. Qf1 Re5 36. Bf3 Qe6 37. Qe2 Qa6 38. Bg4 Rde7 39. Bxh3 Bxe4 40. Bf1 Bd5 41. Rc2 Qxe2 42. Rexe2 Bf3 43. Rxe5 Rxe5 44. Rc3 Bd5 45. f4 Re1 46. a3 Ke7 47. Kf2 Ra1 48. Be2 Kd7 49. h4 Ra2 50. Ke3 Kc6 51. h5 Ra1 52. g4 Rh1 53. Kd4 a6 54. Rg3 Re1 55. Bd3 Rh1 56. Bg6 Rd1+ 57. Rd3 Rc1 58. Be8+ 1-0

[Event "Rapid Chess Superleague"]
[Site "Poland POL"]
[Date "2023.05.09"]
[Round "5.2"]
[White "Teclaf, Pawel"]
[Black "Moranda, W."]
[Result "1-0"]
[WhiteElo "2575"]
[BlackElo "2589"]
[PlyCount "89"]
[EventDate "2023.04.04"]
[EventType "rapid"]
[WhiteTeam "Akademia Szachowa Gliwice"]
[BlackTeam "KSz Wieza Pegow"]

1. g3 {Mekhitarian,Krikor Sevag} d5 2. Nf3 Nf6 3. Bg2 e6 4. O-O c5 5. c4 ({RR} 5. d4 cxd4 6. Nxd4 e5 7. Nb3 Be6) 5... d4 ({RR} 5... Nc6 6. cxd5 exd5 ({RR} 6... Nxd5 7. d4) 7. d4) 6. e3 Nc6 7. exd4 cxd4 8. d3 Be7 9. Re1 Nd7 10. Na3 e5 ({RR} 10... Bxa3 11. bxa3 O-O 12. a4) 11. Nc2 a5 12. Bh3 $146 ({RR} 12. b3 O-O 13. a3 Qc7 14. Rb1 Re8 15. b4 axb4 16. axb4 Bf8 17. b5 Nd8 18. Ncxd4 Nc5 19. b6 Qd7 20. Nb5 Qxd3 21. Be3 Bf5 22. Nc7 Qxb1 23. Qxb1 Bxb1 24. Rxb1 Nc6 25. Nxa8 Rxa8 26. Ng5 Nd8 {Svane,R (2631)-Komov,R (2301) chess.com INT 2023 1-0 (39)}) ({RR} 12. a3 O-O ({RR} 12... f6 13. Bd2 ({RR} 13. Rb1 a4 14. Bd2 Nc5 15. Bb4 O-O 16. Bxc5 Bxc5 17. b4 axb3 18. Rxb3) 13... Nc5) 13. Bd2 ({RR} 13. Rb1 a4 14. Bd2 f6 ({RR} 14... Bd6 15. Nb4 Ndb8 16. Ng5) 15. Nb4 Nc5) 13... a4 ({RR} 13... Rb8 14. b4 axb4 15. axb4 b5 16. Nh4 Qc7 17. Nf5 Bf6 18. cxb5 Rxb5 19. Na3 Rb6 20. b5) 14. Nb4 ({RR} 14. Bb4) 14... Bd6 15. Ng5 Nc5 16. Ne4 Nb3 ({RR} 16... Nxb4 17. Nxc5 Bxc5 ({RR} 17... Na6 18. Nxa4) 18. axb4 Bd6 19. c5 Bc7 20. b5) ({RR} 16... Nxe4 17. Bxe4 Bd7 18. Nd5) 17. Nxd6 Qxd6 18. Nxc6 bxc6 19. Bb4 Qf6 ({RR} 19... c5 20. Bxa8 Nxa1 ({RR} 20... cxb4 21. axb4 Nxa1 22. Qxa4) 21. Qxa4) 20. Bxf8 Kxf8 ({RR} 20... Nxa1 21. Bb4 Nb3 22. f4) 21. Rb1 Bf5 22. Qf3 Re8 23. Rbd1 Re6 24. g4 Bg6 25. Qxf6 gxf6 26. Be4 Bxe4 {Giri,A (2767)-Vallejo Pons,F (2716) Novi Sad 2016 CBM 176 [Mekhitarian,Krikor Sevag] 1-0 (55)}) ({RR} 12. Qe2 O-O 13. a3 Bd6 14. Ng5 Be7 15. Nf3 Bd6 16. Bd2 a4 17. Bb4 Bc5 18. Rab1 Re8 19. b3 axb3 20. Rxb3 Ra7 21. Nd2 Na5 22. Rbb1 b6 23. Ne4 Qc7 24. Nxc5 bxc5 25. Bd2 Qd6 26. Rb5 Nb7 {Baski,B (2196)-Perkampus,L (2137) Budapest HUN 2025 1-0 (55)}) 12... O-O 13. Bxd7 Bxd7 14. Nxe5 Nxe5 15. Rxe5 Bf6 16. Re1 b5 17. b3 bxc4 18. bxc4 Ba4 19. Ba3 Re8 20. Qd2 Qd7 21. Rxe8+ Rxe8 22. Re1 Rxe1+ 23. Nxe1 Qf5 24. Qf4 Qxf4 25. gxf4 Bd1 26. Bd6 h5 27. Kg2 Kh7 28. Be5 Bxe5 29. fxe5 Kg6 30. Nf3 Bxf3+ 31. Kxf3 Kf5 32. Kg3 g5 33. h4 g4 34. e6 fxe6 35. f3 gxf3 36. Kxf3 Ke5 37. a3 a4 38. Ke2 Kf5 39. Kf3 Ke5 40. Kg3 Kf5 41. c5 Ke5 42. c6 Kd6 43. Kf4 Kxc6 44. Ke5 Kc5 45. Kxe6 1-0

[Event "6th Sharjah Masters 2023"]
[Site "Sharjah UAE"]
[Date "2023.05.20"]
[Round "4.18"]
[White "Dardha, Daniel"]
[Black "Jumabayev, R."]
[Result "1-0"]
[WhiteElo "2631"]
[BlackElo "2590"]
[PlyCount "141"]
[EventDate "2023.05.17"]

1. Nf3 d5 2. g3 c5 3. Bg2 Nf6 4. O-O g6 5. c4 Bg7 6. Qa4+ Qd7 7. Qxd7+ Nbxd7 8. cxd5 Nxd5 9. Nc3 N7b6 ({RR} 9... e6 10. d4 b6 11. Nxd5 exd5 12. Rd1 Bb7 13. Be3 c4 14. Nd2 b5 15. a4 a6 16. axb5 axb5 17. Rxa8+ Bxa8 18. Ra1 O-O 19. Ra5 Bc6 20. Nb1 Nb6 21. Nc3 b4 22. Nxd5 Bxd5 23. Bxd5 Rd8 24. Be4 {Banusz,T (2592)-Sivuk,V (2505) Reykjavik ISL 2025 ½-½ (50)}) 10. Ng5 $146 ({RR} 10. a4 Nxc3 11. bxc3 a5 12. d4 Bd7 13. Ne5 Bxe5 14. dxe5 Ra7 15. Bh6 Nxa4 16. c4 Nc3 17. Rfe1 b5 18. e6 Bxe6 19. cxb5 Nd5 20. Rec1 f6 21. Rxc5 {1-0 (21) Akesson,R (2481)-Afek,Y (2321) Vlissingen 2008}) 10... Nb4 11. Nge4 c4 12. b3 Bg4 13. Rb1 Rc8 14. h3 Bf5 15. g4 Be6 16. bxc4 Rxc4 17. Nb5 Nxa2 18. Ba3 Rc2 19. Nc5 Bc4 20. Nxa7 Bxe2 21. Rfe1 Nc4 22. Bc6+ Kf8 23. Nd7+ Kg8 24. Bxe7 Bb2 25. Rxb2 Rxb2 26. Rxe2 Nc3 27. Re1 Rxd2 28. Bf6 Ne2+ 29. Kf1 Ne3+ 30. fxe3 Ng3+ 31. Kg1 h5 32. Bxh8 Kxh8 33. Bb5 hxg4 34. hxg4 Kg7 35. Ne5 f5 36. g5 Ne4 37. Nf3 Ra2 38. Nc8 Rc2 39. Bd7 b5 40. Nd4 Rd2 41. Bxb5 Nxg5 42. Re2 Rd1+ 43. Kg2 Ne4 44. Bc6 Nc5 45. Ne7 f4 46. Nf3 fxe3 47. Rxe3 Rd6 48. Bd5 Kf6 49. Bc4 Rd7 50. Nd5+ Kg7 51. Re7+ Rxe7 52. Nxe7 Kf6 53. Nd5+ Kf5 54. Ba2 g5 55. Bb1+ Ke6 56. Ne3 Kf6 57. Ng4+ Ke6 58. Kf2 Kd5 59. Nxg5 Na4 60. Ne3+ Ke5 61. Ne4 Nb6 62. Ke2 Kd4 63. Bd3 Ke5 64. Kd2 Kf4 65. Nd1 Nd7 66. Kc3 Ne5 67. Bc2 Nf3 68. Nc5 Ng5 69. Kd4 Nf3+ 70. Kd5 Ne1 71. Nd3+ 1-0

[Event "6th Sharjah Masters 2023"]
[Site "Sharjah UAE"]
[Date "2023.05.20"]
[Round "4.28"]
[White "Sindarov, Javokhir"]
[Black "Bernadskiy, V."]
[Result "1-0"]
[WhiteElo "2661"]
[BlackElo "2592"]
[PlyCount "57"]
[EventDate "2023.05.17"]

1. Nf3 {Krasenkow,Michal} d5 2. e3 Nf6 3. c4 e6 4. Nc3 dxc4 5. Bxc4 a6 6. d4 c5 7. e4 b5 8. Bb3 cxd4 9. Nxd4 Bb7 ({RR} 9... Nbd7 10. O-O Bb7 ({RR} 10... Bc5) 11. Bxe6 fxe6 12. Nxe6 Qb6 13. Nd5 Bxd5 14. exd5 Kf7) ({RR} 9... Nbd7 10. Be3 Bb7 11. O-O Bb4 12. a4 O-O 13. axb5 axb5 14. Qe2 Qb8 15. Rxa8 Bxa8 16. Qxb5 Bxc3 17. bxc3 e5 18. Bxf7+ Rxf7 19. Qxb8+ Nxb8 20. Nf3 Re7 21. Nd2 Bxe4 22. Nxe4 Nxe4 23. f4 Nxc3 24. fxe5 {Trost,E (2457)-Andersen,M (2585) Eforie Nord ROU 2025 0-1 (43)}) 10. e5 ({RR} 10. O-O) 10... Nfd7 $146 ({RR} 10... Ne4 11. O-O ({RR} 11. Nxe4 Bxe4 12. O-O Nc6 13. Nxc6 Qxd1 14. Rxd1 Bxc6 15. Be3 Be7 16. Rac1 Rc8 17. Rc2) 11... Nxc3 12. bxc3 Nc6 13. a4 Bc5 ({RR} 13... b4 14. a5) ({RR} 13... Nxd4 14. cxd4 b4 15. a5) 14. axb5 axb5 ({RR} 14... Nxd4 15. cxd4 Bxd4 16. Ra4 Bxe5 17. Qh5) 15. Rxa8 Bxa8 16. Nxb5 O-O ({RR} 16... Nxe5 17. Qxd8+ Kxd8 18. Bg5+ f6 19. Be3 Bxe3 20. fxe3 Ke7 21. Ra1) 17. Qxd8 Rxd8 18. Bf4 h6 19. h4 Ne7 20. Rd1 ({RR} 20. Ra1 Bc6 21. Nd6 Rb8) 20... Rb8 21. Bc4 Bc6 22. Nd4 Be4 23. h5 Nd5 24. Bxd5 Bxd5 25. Be3 {Grischuk,A (2767)-Kramnik,V (2800) Berlin 2018 CBM 184 [Krasenkow,Michal] 1-0 (91)}) ({RR} 10... Bc5 11. Nxe6 Qxd1+ 12. Nxd1 fxe6 13. exf6 gxf6 14. Bxe6) 11. Bxe6 Nxe5 ({RR} 11... fxe6 12. Nxe6 Qc8 13. O-O) 12. O-O Bc5 13. Bxf7+ ({RR} 13. Bd5 Bxd5 14. Nf5 O-O 15. Nxd5) 13... Kxf7 14. Qb3+ Nc4 15. Ndxb5 axb5 16. Qxb5 Nd6 17. Qxc5 Ra5 18. Qb4 Na6 19. Qb3+ Kg6 20. Bf4 Nc5 21. Qc2+ Nf5 22. Rad1 Qf6 23. Nd5 Qf7 24. g4 Bxd5 25. Qxf5+ Qxf5 26. gxf5+ Kxf5 27. Bc7 Bf3 28. Bxa5 Ra8 29. Rd8 1-0

[Event "6th Sharjah Masters 2023"]
[Site "Sharjah UAE"]
[Date "2023.05.22"]
[Round "6.35"]
[White "Piorun, K."]
[Black "Van Foreest, Lucas"]
[Result "1-0"]
[WhiteElo "2601"]
[BlackElo "2556"]
[PlyCount "75"]
[EventDate "2023.05.17"]

1. Nf3 d5 2. g3 g6 3. Bg2 Bg7 4. c4 dxc4 5. Qa4+ Nc6 6. Qxc4 e5 7. Nc3 Nge7 8. d3 Be6 9. Qa4 h6 10. O-O O-O 11. Bd2 Nd4 ({RR} 11... Qd7 12. Ne4 b6 13. Bxh6 f5 14. Bxg7 fxe4 15. Bxf8 exf3 16. Bxe7 fxg2 17. Rfc1 Nxe7 18. Qxd7 Bxd7 19. Rxc7 Rd8 20. Kxg2 Nc6 21. Kf1 Nd4 22. Rac1 e4 23. dxe4 Bb5 24. Rc8 Rxc8 25. Rxc8+ Kf7 26. Rc7+ {Polyik,P (2295)-Ho,C (2108) New York USA 2024 1-0}) 12. Rfc1 c6 13. Ne1 Nd5 14. Qd1 $146 ({RR} 14. Kf1 Nb6 15. Qd1 a5 16. e3 Nf5 17. Ne4 Nd7 18. b4 axb4 19. Bxb4 Re8 20. a4 Bd5 21. Kg1 b6 22. Rcb1 c5 23. Bc3 Qc7 24. Nd2 Bxg2 25. Nxg2 Nd6 26. e4 c4 27. Ne3 cxd3 28. Nd5 Qc6 {Loginov,V (2532)-Lukin,A (2440) St Petersburg 1999 ½-½ (41)}) 14... Bg4 15. f3 Be6 16. e3 Nf5 17. Qe2 b6 18. Nc2 Rc8 19. Nd1 Nde7 20. e4 Nd4 21. Nxd4 Qxd4+ 22. Be3 Qd6 23. Qd2 c5 24. Bxh6 Bxh6 25. Qxh6 Qxd3 26. Ne3 Qd4 27. b3 Rcd8 28. h4 f6 29. Rd1 Qc3 30. Rac1 Qb2 31. h5 gxh5 32. Nd5 Bxd5 33. exd5 Nf5 34. Qxh5 Ng7 35. Qg6 Rd6 36. Bh3 Rfd8 37. Rc2 Qa3 38. Bf5 1-0

[Event "Titled Tue 16th May Early"]
[Site "chess.com INT"]
[Date "2023.05.16"]
[Round "3"]
[White "Halkias, S."]
[Black "Kozak, Adam"]
[Result "1-0"]
[WhiteElo "2511"]
[BlackElo "2572"]
[PlyCount "77"]
[EventDate "2023.05.16"]

1. Nf3 c5 2. c4 Nc6 3. Nc3 g6 4. e3 Bg7 5. d4 d6 6. d5 Bxc3+ 7. bxc3 Na5 8. e4 e5 ({RR} 8... Nf6 9. e5 dxe5 10. Nxe5 O-O 11. Be2 Nd7 12. Nxd7 Bxd7 13. O-O b6 14. Bh6 Re8 15. Qd2 Nb7 16. Rfe1 Nd6 17. Bf1 f6 18. Bf4 Nf7 19. g3 e5 20. dxe6 Bxe6 21. Qxd8 Raxd8 22. Rad1 Rxd1 23. Rxd1 {Kramnik,V (2790)-Anand,V (2770) Frankfurt 1998 0-1 (37)}) 9. dxe6 ({RR} 9. Be2 h6 10. O-O Ne7 11. Nd2 g5 12. Nb3 Bd7 13. Qd3 Ng6 14. Rb1 Rb8 15. h3 h5 16. Nxa5 Qxa5 17. Bxg5 b6 18. f4 exf4 19. Bxf4 Nxf4 20. Rxf4 Rb7 21. Rbf1 Bc8 22. e5 dxe5 23. Qe3 Re7 {Kovalev,D (2487)-Kozak,A (2595) chess.com INT 2024 1-0}) 9... Bxe6 10. Bf4 Nf6 $146 ({RR} 10... Qf6 11. Bd2 Ne7 12. Bg5 Qg7 13. Qd2 h6 14. Bf4 Rd8 15. Rd1 Bxc4 16. Bxc4 Nxc4 17. Qd3 b5 18. Nd2 d5 19. Nxc4 bxc4 20. Qg3 O-O 21. Be5 f6 22. Bd6 Rfe8 23. O-O dxe4 24. Bxe7 Rxd1 25. Rxd1 {Kirilin,D (2015)-Baum,J (2340) Bialystok 2019 0-1 (66)}) 11. Qc2 Qe7 12. Bd3 O-O-O 13. Nd2 Ng4 14. O-O Ne5 15. Be2 Naxc4 16. Nxc4 Bxc4 17. Bxe5 Bxe2 18. Bxd6 Rxd6 19. Qxe2 Re6 20. Rfe1 f5 21. e5 Re8 22. f4 g5 23. Qd3 gxf4 24. Qxf5 Rf8 25. Qe4 Qg5 26. Rab1 Rf7 27. Qd5 Rfe7 28. Qxc5+ Rc6 29. Qxa7 Rec7 30. Qa8+ Kd7 31. Rbd1+ Ke6 32. Qe8+ Re7 33. Rd6+ Kf5 34. Qf8+ Kg4 35. h3+ Kg3 36. Rd3+ Kh4 37. Rf1 Rc4 38. Rdf3 Rg7 39. Rxf4+ 1-0

[Event "Superbet Blitz 2023"]
[Site "Warsaw POL"]
[Date "2023.05.25"]
[Round "10.2"]
[White "So, W."]
[Black "Wojtaszek, R."]
[Result "1-0"]
[WhiteElo "2760"]
[BlackElo "2670"]
[PlyCount "115"]
[EventDate "2023.05.24"]
[EventType "blitz"]

1. Nf3 d5 2. e3 c5 3. d4 Nc6 4. c4 cxd4 5. cxd5 Qa5+ 6. Qd2 Qxd5 7. Nc3 Qd8 8. exd4 e6 9. Bd3 $146 ({RR} 9. Bc4 Nf6 10. O-O Be7 11. d5 exd5 12. Nxd5 Nxd5 13. Qxd5 Qxd5 14. Bxd5 O-O 15. Bg5 Bxg5 16. Nxg5 h6 17. Nf3 Bd7 {½-½ (17) Petrungaro,O-Martino,J Buenos Aires 1992}) 9... Nf6 10. O-O Be7 11. a3 O-O 12. Rd1 b6 13. Qf4 Bb7 14. Qh4 g6 15. Bg5 Nh5 16. Be4 Bxg5 17. Qxg5 Qxg5 18. Nxg5 Nf6 19. d5 exd5 20. Nxd5 Nxe4 21. Nxe4 Rfd8 22. f4 Kg7 23. b4 Ne7 24. Ndc3 Nf5 25. Kf2 h5 26. Ng3 Nd4 27. Nge2 Nf5 28. g3 Rac8 29. Rxd8 Rxd8 30. Rd1 Rxd1 31. Nxd1 Nd6 32. Ne3 Bc6 33. Nc3 Kf6 34. Ke2 Ke6 35. Kd3 f6 36. Nc2 Bb7 37. Nd4+ Kd7 38. a4 Bg2 39. Ke3 Bb7 40. h4 Bg2 41. Kf2 Bb7 42. Ke3 Bg2 43. Ncb5 a6 44. Nc3 Nc4+ 45. Kd3 Nb2+ 46. Kc2 Nc4 47. Kd3 Nb2+ 48. Ke2 Nc4 49. f5 gxf5 50. Nxf5 Bh3 51. Ne3 Be6 52. Nxc4 Bxc4+ 53. Ke3 Ke6 54. Kd4 Bf1 55. Nd5 b5 56. a5 Kd6 57. Nf4 Bc4 58. Nxh5 1-0